00380cam a22001097a 4500008004000000082002400040245007800064260004300142300000800185440004400193700003300237180718b1966 xxu||||| |||| 00| 0 eng d aP4303x5461 In2/1964 aLok Sabha: report of the joint committeecby Lok Sabha Secretariat, India aNew DelhibLok Sabha Secretariatc1966 a69p aThe Delhi Secodary Education Bill, 1964 aIndia. Lok Sabha Secretariat